000 00478nab a2200145Ia 4500
003 ES-SlBCS
005 20210601142036.0
008 140529s1958 xxu||||| |||| 00| 0 spa d
041 _aspa
100 1 _aRoig Gironella, Juan
_97920
245 0 0 _aDudas acerca de la noción de subjetividad transcendental
_c Juan Roig Gironella
650 0 4 _aSubjetividad Trascendental
_9142332
773 0 _tGiornali di Metafisica
_gvol. 13, nº. 4, 1958, págs. 425-438
_w0017-0372
942 _cAR
999 _c670601
_d670601